The siting and design of aquaculture in the landscape (Record no. 112979)

MARC details
000 -LEADER
fixed length control field 00989cad a22002175a 4500
001 - CONTROL NUMBER
control field E154414
008 - FIXED-LENGTH DATA ELEMENTS--GENERAL INFORMATION
fixed length control field 111129s2011 xxk g 000 0 eng d
020 ## - INTERNATIONAL STANDARD BOOK NUMBER
International Standard Book Number 9781853978272
035 ## - SYSTEM CONTROL NUMBER
System control number (Sirsi) u154414
041 0# - LANGUAGE CODE
Language code of text/sound track or separate title eng
110 2# - MAIN ENTRY--CORPORATE NAME
Corporate name or jurisdiction name as entry element Scottish Natural Heritage
9 (RLIN) 2794
245 04 - TITLE STATEMENT
Title The siting and design of aquaculture in the landscape
Remainder of title visual and landscape considerations
Medium [electronic resource]
260 ## - PUBLICATION, DISTRIBUTION, ETC.
Place of publication, distribution, etc. [S.l.]
Name of publisher, distributor, etc. SNH
Date of publication, distribution, etc. 2011
520 ## - SUMMARY, ETC.
Summary, etc. Advises on dealing with the visual impact of acquaculture developments on the landscape and offers a decision-making framework for siting and designing both marine and onshore developments.
520 ## - SUMMARY, ETC.
Summary, etc. Supersedes the guidance issued in 2000 (ISBN 1853972940).
590 ## - LOCAL NOTE (RLIN)
Local note KA
651 #4 - SUBJECT ADDED ENTRY--GEOGRAPHIC NAME
Geographic name Scotland
Chronological subdivision 1999-
690 ## - LOCAL SUBJECT ADDED ENTRY--TOPICAL TERM (OCLC, RLIN)
Topical term or geographic name as entry element PROPERTY-RURAL AND NATURAL ASSETS-WATER RESOURCES
856 40 - ELECTRONIC LOCATION AND ACCESS
Uniform Resource Identifier <a href="https://www.snh.org.uk/pdfs/publications/heritagemanagement/marineaquaculture.pdf">https://www.snh.org.uk/pdfs/publications/heritagemanagement/marineaquaculture.pdf</a>
Public note View the guidance free of charge at www.snh.org.uk
942 ## - ADDED ENTRY ELEMENTS (KOHA)
Suppress in OPAC 0
Holdings
Withdrawn status Lost status Source of classification or shelving scheme Damaged status Not for loan Home library Current library Shelving location Date acquired Total Checkouts Full call number Barcode Date last seen Copy number Price effective from Koha item type
    Dewey Decimal Classification     Virtual Virtual Online 29/11/2011   ONLINE PUBLICATION 154414-2001 06/08/2019 1 06/08/2019 Book